000 00307nam a2200133Ia 4500
005 20260328104339.0
008 260328s9999||||xx |||||||||||||| ||und||
100 _aLabó, Giorgio
245 0 _aAlvar Aalto /
_cGiorgio Labó
260 _bBalcone
300 _a155 p.
650 _aARQUITECTOS
942 _cBK
999 _c12015
_d12015